| LEADER | 00708nam a2200193 a 4500 | ||
|---|---|---|---|
| 001 | GR-MES1380 | ||
| 008 | 991111s gr 000 0 gre d | ||
| 040 | |a GrPaTEI |b gre |c GR-PaULI | ||
| 245 | 0 | 0 | |a Λογιστική |n 3ος. |
| 260 | |a Αθήνα : |b Κοντολέφα | ||
| 300 | |a 128σελ. | ||
| 650 | 4 | |a Ασκήσεις | |
| 650 | 4 | |a Λογιστική | |
| 700 | 1 | |a Κοντολέφας, Α. | |
| 710 | 0 | |a Κοντολέφα | |
| 942 | |2 ddc | ||
| 952 | |0 0 |1 0 |2 ddc |4 0 |6 657_000000000000000_ΚΟΝ |7 0 |9 265521 |a MSLG |b MSLG |c BSC |d 2021-01-17 |e 24 |f 0 |g 0.00 |l 0 |o 657 ΚΟΝ |p 2420000000254 |r 2021-01-17 00:00:00 |t 1 |w 2021-01-17 |y BK15 |x 19991111 0 1 |x GrPaTEI | ||
| 971 | |a .b25724228 |b 16-04-20 |c 13-09-16 | ||
| 999 | |c 152634 |d 152634 | ||